Music Quiz

Random Music or Billboard Quiz

'90s Artists With a Top 5 Hit Quiz Stats

 Plays Quiz Updated Nov 9, 2016

Challenge
Share
Tweet
Embed
Score 0/120 Timer 04:00
0 Plays Today
Month Got it? % Correct
May 1998
95.6%
Mar 1998
90.9%
Mar 1999
89.6%
Jan 1992
89.1%
Feb 1992
88%
Apr 1999
87.9%
Nov 1991
87.5%
Jun 1990
87.4%
Sep 1997
87.2%
Jul 1992
87.2%
Oct 1990
87.1%
Sep 1995
86.7%
Jul 1995
86.5%
Feb 1991
86.5%
Feb 1999
86.4%
Nov 1990
85.9%
Jan 1994
85.7%
Nov 1995
85.5%
May 1990
85.4%
Feb 1998
85.3%
Jul 1998
85.2%
Oct 1999
85.2%
Jan 1991
84.9%
Apr 1992
84.6%
Dec 1993
84.5%
Oct 1995
84.5%
Dec 1990
84.1%
May 1994
84.1%
Oct 1997
83.7%
Oct 1993
83.5%
Oct 1994
83.2%
Jun 1998
83.2%
Nov 1993
83%
Nov 1992
82.7%
Aug 1990
82.6%
Sep 1992
82.5%
May 1993
82.3%
Aug 1993
81.9%
Sep 1993
81.8%
Apr 1998
81.6%
Month Got it? % Correct
Aug 1994
81.3%
May 1999
81.3%
Oct 1992
81.2%
Jul 1999
81.1%
Feb 1995
81%
Aug 1992
80.8%
Jan 1995
80.7%
Jan 1998
80.6%
Dec 1997
80.2%
Jun 1995
80.1%
Mar 1995
79.7%
Dec 1991
79.3%
Jul 1994
78.3%
Nov 1994
77.7%
Feb 1990
77.7%
Aug 1997
77.4%
Dec 1995
77.2%
Jan 1999
76.5%
Jan 1996
76.3%
Dec 1998
75.1%
Mar 1990
74.5%
Apr 1995
73.6%
Mar 1992
73.6%
Apr 1994
73.5%
Jan 1990
73%
Nov 1999
72.8%
Jun 1994
72.6%
Jun 1996
72.3%
Mar 1991
72.1%
Jul 1997
72.1%
Feb 1996
72.1%
Jun 1993
72%
Jul 1993
71.5%
Feb 1994
70.7%
Sep 1994
70.6%
Mar 1996
70.5%
Sep 1991
68.8%
Feb 1997
67.9%
Mar 1994
67.5%
Apr 1996
67.2%
Month Got it? % Correct
Feb 1993
66.3%
Jul 1990
66.2%
May 1996
66.1%
Jun 1991
63.6%
Aug 1999
63.5%
Jun 1992
62.5%
Apr 1997
62.2%
Oct 1991
60.9%
May 1991
59.3%
Mar 1997
59%
Jan 1997
59%
Jan 1993
58.7%
Dec 1992
58.4%
Mar 1993
57.9%
Nov 1997
57.7%
Sep 1999
57.6%
Apr 1993
56.5%
Dec 1999
55.5%
Sep 1990
55.2%
May 1997
55%
Jun 1997
55%
Dec 1994
55%
Jun 1999
54%
May 1995
53.3%
Dec 1996
50.7%
Nov 1996
48%
Aug 1996
47.9%
Aug 1995
47.2%
Oct 1996
45.7%
Jul 1996
40.5%
Sep 1998
38.4%
Sep 1996
37.9%
Jul 1991
37.1%
May 1992
36.7%
Aug 1998
35.5%
Oct 1998
35.1%
Aug 1991
34%
Nov 1998
28.3%
Apr 1990
22.1%
Apr 1991
19.9%

You're not logged in!

Compare scores with friends on all Sporcle quizzes.
OR
Log In

You Might Also Like...

Show Comments

Extras

Top Quizzes Today


Score Distribution

Your Account Isn't Verified!

In order to create a playlist on Sporcle, you need to verify the email address you used during registration. Go to your Sporcle Settings to finish the process.

Report this User

Report this user for behavior that violates our Community Guidelines.

Details: